01274aab a2200241 i 4500001001000000003001000010005001700020008004100037040001900078041000800097100003500105245005700140520052100197546002300718650003900741650002600780650002800806650002600834773009800860942000800958945004900966999001701015768714001CO-MdFUSB20240705120027.0240705t1996 sz ||||| |||| 00| 0 eng d bspacCO-MdFUSB aeng1 aArjona Mejía, Rubéneautor10aVoices of youth : bMexicoc/ Rubén Arjona Mejía aMéxico es el decimocuarto país más grande del mundo y un país de culturas matrimoniales. Las cadenas de injusticia que atan a la nación también atan a la juventud. Su principal demanda: justicia para los pueblos indígenas. Pero las cadenas de injusticia en México son muchas, por ejemplo, las personas directamente afectadas por daños ambientales, los asesinatos, la corrupción, nel poder lo tienen los traficantes de drogas, mientras que cada vez más jóvenes se vuelven adictos a las drogas. aTexto en inglés. 0aIglesia y problemas sociales91177 0aJusticia social91851 7aPolítica social92578 7aDerechos humanos92960 tReformed World049396959535gVolumen 46, (número 2, 1996) páginas: 78 - 85qpágina: 78 cANA aCatherine Arias Álvarez - Practicante SENA c55431d55431